Business communications (Record no. 78991)

MARC details
000 -LEADER
fixed length control field 00735nam a2200181 a 4500
008 - FIXED-LENGTH DATA ELEMENTS--GENERAL INFORMATION
fixed length control field 120416s1985 ||||||||||||||||| || u
020 ## - INTERNATIONAL STANDARD BOOK NUMBER
International Standard Book Number 0316195332
050 ## - LIBRARY OF CONGRESS CALL NUMBER
Classification number HF 5718 Dum
100 ## - MAIN ENTRY--PERSONAL NAME
Personal name Dumont, Raymond A
245 10 - TITLE STATEMENT
Title Business communications
260 ## - PUBLICATION, DISTRIBUTION, ETC.
Place of publication, distribution, etc. Boston:
Name of publisher, distributor, etc. Little, Brown and Company
Date of publication, distribution, etc. 1985
300 ## - PHYSICAL DESCRIPTION
Extent xviii, 718p. : ill
350 ## -
-- 0.00
650 #0 - SUBJECT ADDED ENTRY--TOPICAL TERM
Topical term or geographic name entry element BUSINESS
650 #0 - SUBJECT ADDED ENTRY--TOPICAL TERM
Topical term or geographic name entry element BUSINESS COMMUNICATION
995 ## -
-- MAIN LIBRARY OPEN ACCESS
-- 0.00
-- 721746
-- CBU-MAIN LIBRARY (Kitwe)
-- 1
-- 22.40
-- HF 5718 Dum
-- 1
-- LOST
-- 007970
-- Main Library Open Access Collection
995 ## -
-- MAIN LIBRARY OPEN ACCESS
-- 0.00
-- 719257
-- CBU-MAIN LIBRARY (Kitwe)
-- 3
-- 22.40
-- HF 5718 Dum
-- 2
-- AVAILABLE
-- 020347
-- Main Library Open Access Collection
999 ## -
-- 78991
-- 78991

No items available.